Normal view
MARC view
Entry Personal Name
001 - CONTROL NUMBER
- control field: 556301
003 - CONTROL NUMBER IDENTIFIER
- control field: OSt
005 - DATE AND TIME OF LATEST TRANSACTION
- control field: 20220930094808.0
008 - FIXED-LENGTH DATA ELEMENTS
- fixed length control field: 220930|| aca||aabn | a|a d
040 ## - CATALOGING SOURCE
- Original cataloging agency: OSt
- Transcribing agency: OSt
100 ## - HEADING--PERSONAL NAME
- Personal name: डॉ. राज भारद्वाज, गा
670 ## - SOURCE DATA FOUND
- Source citation: Work cat.: (OSt)887694: गौड़, मन्जु, स्वातंत्र्योत्तर साम्प्रदायिक सौमनस्य और हिन्दी नाटक, 2013
